Giáo trình ngữ pháp và luyện dịch Anh văn thương mại ( Dành cho học viên trình độ C )

Guardat en:
Dades bibliogràfiques
Autor principal: Lê Anh Minh
Format: Llibre
Idioma:Undetermined
Publicat: Hà Nội GTVT 2000
Matèries:
Etiquetes: Afegir etiqueta
Sense etiquetes, Sigues el primer a etiquetar aquest registre!
Thư viện lưu trữ: Trung tâm Học liệu Trường Đại học Cần Thơ
LEADER 00689nam a2200193Ia 4500
001 CTU_38346
008 210402s9999 xx 000 0 und d
020 |b 15.000đ 
082 |a 428.02 
082 |b M312 
100 |a Lê Anh Minh 
245 0 |a Giáo trình ngữ pháp và luyện dịch Anh văn thương mại ( Dành cho học viên trình độ C ) 
245 0 |c Lê Anh Minh 
260 |a Hà Nội 
260 |b GTVT 
260 |c 2000 
650 |a english language - study and teaching,english language - textbooks for foreign speakers,english language - translating 
904 |i Minh, 001013 
980 |a Trung tâm Học liệu Trường Đại học Cần Thơ